[Event "European Online Club-ch-F 2021"]
[Site "Online"]
[Date "2021.03.27"]
[Round "4.13"]
[White "Maghsoodloo, Parham"]
[Black "Pechac, Jergus"]
[Result "1-0"]
[WhiteElo "2676"]
[BlackElo "2507"]
[Annotator "TA"]
[PlyCount "117"]
[EventDate "2021.03.27"]
[EventType "team-tourn"]
[EventCountry "NET"]
[SourceTitle "playchess.com"]
[Source "ChessBase"]
[SourceQuality "1"]

{[%evp 13,117,-4,0,-14,-3,-8,-1,0,0,0,0,0,0,0,4,-7,2,3,16,0,-6,-6,-2,0,0,-5,-2,-28,-22,-22,-20,-35,-21,-36,-17,-16,-4,-6,-6,-27,-13,-6,40,0,0,-10,35,0,0,0,71,69,68,68,56,44,43,49,54,0,0,0,0,0,0,0,0,0,0,0,0,0,0,0,0,0,0,0,331,285,315,310,310,272,311,283,273,171,214,171,171,164,1226,1210,805,738,29986,29987,29987,29988,29990,29989,29992,29993,29995,29996]} 1. d4 d5 2. c4 c6 3. Nf3 Nf6 4. g3 g6 5. Bg2 Bg7 6. O-O O-O 7. Qb3 Qb6 8. Rd1 {D78: Fianchetto Grünfeld: 6 0-0 c6.} Rd8 9. Nc3 Be6 10. c5 {The position is equal.} Qxb3 11. axb3 {[#]} Nbd7 $146 ({Predecessor:} 11... Na6 12. h3 Ne8 13. Bf4 f6 14. g4 g5 15. Bg3 Bf7 16. e3 h5 17. Rxa6 bxa6 {½-½ (51) Svidler,P (2723)-Duda,J (2743) chess24.com INT 2020}) 12. b4 a6 13. h3 h6 14. g4 Ne4 15. Ne1 f5 16. gxf5 Nxc3 17. bxc3 Bxf5 18. f3 e5 19. e4 Be6 20. Be3 g5 21. Nd3 Re8 22. Nf2 Rad8 23. Rd2 exd4 24. cxd4 Nf8 {[%cal Bd7f8,Bf8g6,Bg6e7,Be7f5][%mdl 32]} 25. h4 gxh4 26. e5 Ng6 27. Bh3 Kf7 28. Rf1 {[%mdl 1024] White has compensation.} Ne7 29. Kh2 Nf5 30. Nd1 (30. Bxf5 $5 Bxf5 31. Ne4 $15) 30... Rg8 31. Bf2 Ra8 (31... Ng3 $11 {keeps the balance.} 32. Rg1 h5) 32. Bxf5 $16 Bxf5 33. Ne3 Ke6 34. Bxh4 h5 35. f4 Bh6 $1 36. Bg5 (36. Rdf2 $1 $14) 36... Bxg5 $11 37. fxg5 Rxg5 38. Rdf2 Bg6 39. Kh3 Rg8 $1 40. Kh4 $36 {[%mdl 2048] White has the initiative.} Bd3 41. Rf6+ Ke7 42. Rf7+ Ke8 43. Rf8+ Ke7 44. R1f7+ Ke6 45. Rf6+ ({But not} 45. Rxb7 Rxf8 46. Kxg5 Rf3 $17) 45... Ke7 $2 {[%mdl 8192]} (45... Kd7 $11) 46. R8f7+ $18 Kd8 47. Rxb7 {[#] And now Rff7 would win.} Rg1 {[%cal Rg1h1]} 48. Rb8+ Kd7 {[%cal Rg1h1]} 49. Rxg8 Rxg8 {[%mdl 4096] Endgame KRB-KRN} 50. Rf7+ (50. Kxh5 $6 Rg3 $16) 50... Ke6 51. Rc7 Bb5 52. Rh7 ({Don't play} 52. Kxh5 $6 Rh8+ 53. Kg4 Rg8+ 54. Kh4 Rh8+ 55. Kg5 Rg8+ 56. Kh6 Rg1 $16) 52... Rg1 $2 {[#]} (52... Bd3 53. Rxh5 Rg1) 53. Rh6+ Kf7 54. e6+ Ke8 55. Nf5 {White mates.} Rg4+ 56. Kh3 Bf1+ 57. Kh2 Rg2+ 58. Kh1 Rg8 59. Rh7 {Weighted Error Value: White=0.08/Black=0.34} 1-0

[Event "European Online Club-ch-F 2021"]
[Site "Online"]
[Date "2021.03.27"]
[Round "4.14"]
[White "Zwardon, Vojtech"]
[Black "Amin, Bassem"]
[Result "0-1"]
[WhiteElo "2466"]
[BlackElo "2695"]
[Annotator "TA"]
[PlyCount "80"]
[EventDate "2021.03.27"]
[EventType "team-tourn"]
[EventCountry "NET"]
[SourceTitle "playchess.com"]
[Source "ChessBase"]
[SourceQuality "1"]

{[%evp 10,80,11,10,7,8,24,-19,-7,-58,-48,-54,-45,-110,-115,-137,-131,-155,-155,-174,-173,-189,-185,-295,-295,-473,-472,-470,-477,-487,-469,-469,-457,-584,-576,-780,-754,-801,-818,-797,-676,-661,-620,-611,-607,-614,-555,-700,-784,-806,-805,-800,-796,-834,-833,-854,-904,-898,-877,-881,-891,-904,-903,-891,-889,-956,-952,-1002,-993,-1797,-1751,-5393,-1128]} 1. c4 Nf6 2. Nc3 g6 3. g3 Bg7 4. Bg2 O-O 5. d3 e5 6. Bg5 h6 {A24: English Opening vs King's Indian: Lines without ...Nc6.} 7. Bd2 c6 8. Qc1 Kh7 {The position is equal.} 9. h4 (9. Nf3 $11) 9... d5 $15 10. h5 g5 11. Nf3 {[#]} (11. f3 $15) 11... d4 $1 $17 {[%cal Rd4c3] [#]} 12. Nb1 $146 ({Predecessor:} 12. Na4 e4 13. dxe4 Nxe4 14. Qc2 f5 15. g4 d3 16. Qxd3 Qxd3 17. exd3 fxg4 18. dxe4 gxf3 {0-1 (41) Zwardon,V (2424)-Deepan Chakkravarthy,J (2519) Pardubice 2018}) 12... e4 13. Nxg5+ hxg5 14. h6 Bh8 ({Not} 14... Bxh6 $2 15. Bxg5 Qa5+ 16. b4 $18) 15. Bxg5 Qa5+ 16. b4 (16. Qd2 $142 Qxd2+ 17. Nxd2) 16... Qxb4+ $19 17. Bd2 $2 (17. Nd2 exd3 18. a3) 17... Qe7 {Black is clearly winning.} 18. Bg5 {[#] And now Bxe4+ would win.} exd3 {[%csl Gd3][%cal Re7e2]} 19. O-O dxe2 20. Qc2+ Kg8 21. Re1 {and the idea h7+! leaves White hopeful.} Qe5 22. Qd2 d3 23. Nc3 Nh7 24. Ne4 Bf5 25. Bf4 Qe6 26. Qxd3 Bxa1 27. Rxa1 Re8 {[%cal Rf5e4]} 28. Qd4 {[%csl Gh6][%cal Rd4g7]} Qg6 29. f3 Bxe4 30. fxe4 Na6 31. Re1 Rad8 32. Qb2 Rd1 33. Qxe2 Rxe1+ 34. Qxe1 Nc5 35. e5 Nd3 36. Qe3 Nxf4 37. gxf4 Rd8 38. Qh3 Rd2 39. f5 Qg5 40. f6 Rd1+ {Black took control after the opening.  Weighted Error Value: White=0.48/Black=0.10} 0-1

[Event "European Online Club-ch-F 2021"]
[Site "Online"]
[Date "2021.03.27"]
[Round "4.15"]
[White "Van Wely, Loek"]
[Black "Druska, Juraj"]
[Result "0-1"]
[WhiteElo "2620"]
[BlackElo "2495"]
[Annotator "ChessBase"]
[PlyCount "68"]
[EventDate "2021.03.27"]
[EventType "team-tourn"]
[EventCountry "NET"]
[SourceTitle "playchess.com"]
[Source "ChessBase"]
[SourceQuality "1"]
[TimeControl "900+5"]

1. d4 {[%emt 0:00:00]} d5 {[%emt 0:00:06]} 2. c4 {[%emt 0:00:03]} e6 {[%emt 0:00:02]} 3. Nc3 {[%emt 0:00:05]} Nf6 {[%emt 0:00:02]} 4. cxd5 {[%emt 0:00:03]} exd5 {[%emt 0:00:02]} 5. Bg5 {[%emt 0:00:02]} c6 {[%emt 0:00:02]} 6. e3 {[%emt 0:00:03]} Bd6 {[%emt 0:00:01]} 7. Bd3 {[%emt 0:00:05]} O-O {[%emt 0:00:02]} 8. Qc2 {[%emt 0:00:12]} h6 {[%emt 0:00:03]} 9. Bh4 {[%emt 0:00:02]} Re8 {[%emt 0:00:01]} 10. Nge2 {[%emt 0:00:43]} Nbd7 {[%emt 0:00:07]} 11. h3 {[%emt 0:00:09]} Nf8 {[%emt 0:00:03]} 12. O-O-O {[%emt 0:00:13]} b5 {[%emt 0:00:10]} 13. Kb1 {[%emt 0:00:04]} a5 {[%emt 0:00:18]} 14. g4 {[%emt 0:00:05]} a4 {[%emt 0:00:47]} 15. g5 {[%emt 0:00:23]} Nh5 {[%emt 0:01:14]} 16. Rhg1 {[%emt 0:00:15]} Ne6 {[%emt 0:00:49]} 17. f4 {[%emt 0:01:46]} hxg5 {[%emt 0:00:29]} 18. Bxg5 {[%emt 0:00:29]} Qa5 {[%emt 0:07:21]} 19. Ng3 {[%emt 0:02:09]} Nxg3 {[%emt 0:00:53]} 20. Rxg3 {[%emt 0:00:00]} b4 {[%emt 0:01:44]} 21. Qg2 {[%emt 0:01:35]} bxc3 {[%emt 0:01:02]} 22. Bf6 {[%emt 0:01:33]} Bf8 {[%emt 0:00:03]} 23. Rg1 {[%emt 0:00:44]} Rb8 {[%emt 0:00:35]} 24. Kc1 {[%emt 0:02:12]} Rxb2 {[%emt 0:00:05]} 25. Rxg7+ {[%emt 0:00:15]} Nxg7 {[%emt 0:00:35]} 26. Qxg7+ {[%emt 0:00:05]} Bxg7 {[%emt 0:00:03]} 27. Rxg7+ {[%emt 0:00:01]} Kf8 {[%emt 0:00:01]} 28. Bh7 {[%emt 0:00:04]} Rb1+ {[%emt 0:00:13]} 29. Bxb1 {[%emt 0:00:40]} c2 {[%emt 0:00:20]} 30. Bxc2 {[%emt 0:00:08]} Qe1+ {[%emt 0:00:03]} 31. Kb2 {[%emt 0:00:02]} Bf5 {[%emt 0:00:08]} 32. Bxf5 {[%emt 0:00:28]} Rxe3 {[%emt 0:00:05]} 33. Rh7 {[%emt 0:00:20]} a3+ {[%emt 0:00:03]} 34. Kc2 {[%emt 0:00:03]} Rc3# {[%emt 0:00:03]} 0-1

[Event "European Online Club-ch-F 2021"]
[Site "Online"]
[Date "2021.03.27"]
[Round "4.16"]
[White "Jablonicky, Martin"]
[Black "Hamdouchi, Hicham"]
[Result "1-0"]
[WhiteElo "2298"]
[BlackElo "2561"]
[Annotator "ChessBase"]
[PlyCount "159"]
[EventDate "2021.03.27"]
[EventType "team-tourn"]
[EventCountry "NET"]
[SourceTitle "playchess.com"]
[Source "ChessBase"]
[SourceQuality "1"]
[TimeControl "900+5"]

1. e4 {[%emt 0:00:00]} c5 {[%emt 0:00:04]} 2. Nf3 {[%emt 0:00:12]} Nc6 {[%emt 0:00:02]} 3. d4 {[%emt 0:00:24]} cxd4 {[%emt 0:00:02]} 4. Nxd4 {[%emt 0:00:02]} Qb6 {[%emt 0:00:02]} 5. Nb3 {[%emt 0:00:09]} Nf6 {[%emt 0:00:02]} 6. Nc3 {[%emt 0:00:05]} e6 {[%emt 0:00:01]} 7. Bd3 {[%emt 0:02:18]} a6 {[%emt 0:00:09]} 8. O-O {[%emt 0:00:05]} Be7 {[%emt 0:00:10]} 9. Kh1 {[%emt 0:00:13]} Qc7 {[%emt 0:00:12]} 10. f4 {[%emt 0:00:16]} d6 {[%emt 0:00:01]} 11. a4 {[%emt 0:00:26]} b6 {[%emt 0:00:12]} 12. f5 {[%emt 0:00:24]} exf5 {[%emt 0:01:16]} 13. Bg5 {[%emt 0:03:34]} Nb4 {[%emt 0:00:19]} 14. Nd4 {[%emt 0:00:59]} fxe4 {[%emt 0:06:45]} 15. Nxe4 {[%emt 0:01:30]} Nxd3 {[%emt 0:02:39]} 16. Qxd3 {[%emt 0:01:24]} Nxe4 {[%emt 0:01:16]} 17. Qxe4 {[%emt 0:00:20]} Bb7 {[%emt 0:00:14]} 18. Qe2 {[%emt 0:02:05]} f6 {[%emt 0:00:09]} 19. Ne6 {[%emt 0:00:16]} Qc6 {[%emt 0:00:19]} 20. Nxg7+ {[%emt 0:00:23]} Kd7 {[%emt 0:00:05]} 21. Rae1 {[%emt 0:00:29]} Kc8 {[%emt 0:02:22]} 22. Qg4+ {[%emt 0:00:05]} Kb8 {[%emt 0:00:01]} 23. Bf4 {[%emt 0:00:33]} h5 {[%emt 0:00:16]} 24. Qg6 {[%emt 0:00:16]} Bd8 {[%emt 0:00:07]} 25. Nf5 {[%emt 0:00:21]} Ka7 {[%emt 0:00:06]} 26. Nxd6 {[%emt 0:00:07]} Bc7 {[%emt 0:00:06]} 27. Nxb7 {[%emt 0:00:03]} Rag8 {[%emt 0:00:07]} 28. Qe4 {[%emt 0:00:03]} Qxe4 {[%emt 0:00:04]} 29. Rxe4 {[%emt 0:00:03]} Bxf4 {[%emt 0:00:02]} 30. Rfxf4 {[%emt 0:00:04]} Kxb7 {[%emt 0:00:02]} 31. Re7+ {[%emt 0:00:02]} Kc8 {[%emt 0:00:11]} 32. Rxf6 {[%emt 0:00:05]} Re8 {[%emt 0:00:02]} 33. Rxe8+ {[%emt 0:00:05]} Rxe8 {[%emt 0:00:02]} 34. h3 {[%emt 0:00:02]} Kc7 {[%emt 0:00:04]} 35. Rf2 {[%emt 0:00:05]} Re4 {[%emt 0:00:06]} 36. b3 {[%emt 0:00:03]} h4 {[%emt 0:00:01]} 37. Kh2 {[%emt 0:00:02]} Kd6 {[%emt 0:00:02]} 38. g3 {[%emt 0:00:02]} hxg3+ {[%emt 0:00:03]} 39. Kxg3 {[%emt 0:00:02]} Re3+ {[%emt 0:00:03]} 40. Kg4 {[%emt 0:00:03]} Ke5 {[%emt 0:00:14]} 41. h4 {[%emt 0:00:07]} Re1 {[%emt 0:00:04]} 42. Rh2 {[%emt 0:00:06]} Rg1+ {[%emt 0:00:15]} 43. Kf3 {[%emt 0:00:02]} Rg6 {[%emt 0:00:02]} 44. h5 {[%emt 0:00:02]} Rh6 {[%emt 0:00:02]} 45. Kg4 {[%emt 0:00:02]} Kf6 {[%emt 0:00:02]} 46. Rf2+ {[%emt 0:00:02]} Kg7 {[%emt 0:00:02]} 47. Kg5 {[%emt 0:00:16]} Rc6 {[%emt 0:00:02]} 48. Rh2 {[%emt 0:00:07]} Rc5+ {[%emt 0:00:03]} 49. Kf4 {[%emt 0:00:02]} Kh6 {[%emt 0:00:03]} 50. Ke4 {[%emt 0:00:02]} a5 {[%emt 0:00:24]} 51. Kd4 {[%emt 0:00:07]} Rg5 {[%emt 0:00:03]} 52. Kc4 {[%emt 0:00:07]} Rf5 {[%emt 0:00:03]} 53. c3 {[%emt 0:00:06]} Rc5+ {[%emt 0:00:04]} 54. Kd4 {[%emt 0:00:02]} Rg5 {[%emt 0:00:02]} 55. b4 {[%emt 0:00:02]} Rg4+ {[%emt 0:00:02]} 56. Kd5 {[%emt 0:00:26]} axb4 {[%emt 0:00:01]} 57. c4 {[%emt 0:00:02]} b3 {[%emt 0:00:16]} 58. Rb2 {[%emt 0:00:07]} Rg3 {[%emt 0:00:13]} 59. Kc6 {[%emt 0:00:05]} Rc3 {[%emt 0:00:04]} 60. Kb5 {[%emt 0:00:05]} Kxh5 {[%emt 0:00:05]} 61. Kb4 {[%emt 0:00:02]} Re3 {[%emt 0:00:02]} 62. Rxb3 {[%emt 0:00:03]} Re5 {[%emt 0:00:03]} 63. Rd3 {[%emt 0:00:03]} Kg4 {[%emt 0:00:03]} 64. Rd6 {[%emt 0:00:07]} Re1 {[%emt 0:00:05]} 65. Rxb6 {[%emt 0:00:02]} Ra1 {[%emt 0:00:04]} 66. Rd6 {[%emt 0:00:06]} Kf5 {[%emt 0:00:02]} 67. c5 {[%emt 0:00:02]} Ke5 {[%emt 0:00:03]} 68. Rd8 {[%emt 0:00:04]} Rb1+ {[%emt 0:00:03]} 69. Kc4 {[%emt 0:00:02]} Ke6 {[%emt 0:00:03]} 70. c6 {[%emt 0:00:11]} Ke7 {[%emt 0:00:02]} 71. Rd2 {[%emt 0:00:06]} Rc1+ {[%emt 0:00:04]} 72. Kb5 {[%emt 0:00:02]} Rb1+ {[%emt 0:00:01]} 73. Kc5 {[%emt 0:00:02]} Rc1+ {[%emt 0:00:02]} 74. Kb6 {[%emt 0:00:02]} Ra1 {[%emt 0:00:02]} 75. a5 {[%emt 0:00:05]} Rb1+ {[%emt 0:00:01]} 76. Kc7 {[%emt 0:00:02]} Ra1 {[%emt 0:00:02]} 77. Re2+ {[%emt 0:00:03]} Kf7 {[%emt 0:00:02]} 78. Kb7 {[%emt 0:00:23]} Rb1+ {[%emt 0:00:05]} 79. Kc8 {[%emt 0:00:06]} Ra1 {[%emt 0:00:02]} 80. c7 {[%emt 0:00:14]} 1-0

[Event "European Online Club-ch-F 2021"]
[Site "Online"]
[Date "2021.03.27"]
[Round "4.17"]
[White "Kovalenko, Igor"]
[Black "Kovalev, Vladislav"]
[Result "1/2-1/2"]
[WhiteElo "2643"]
[BlackElo "2648"]
[Annotator "ChessBase"]
[PlyCount "198"]
[EventDate "2021.03.27"]
[EventType "team-tourn"]
[EventCountry "NET"]
[SourceTitle "playchess.com"]
[Source "ChessBase"]
[SourceQuality "1"]
[TimeControl "900+5"]

1. d4 {[%emt 0:00:00]} Nf6 {[%emt 0:00:02]} 2. Nf3 {[%emt 0:00:04]} e6 {[%emt 0:00:05]} 3. c4 {[%emt 0:00:03]} d5 {[%emt 0:00:02]} 4. Nc3 {[%emt 0:00:02]} Be7 {[%emt 0:00:16]} 5. Bg5 {[%emt 0:00:06]} h6 {[%emt 0:00:13]} 6. Bxf6 {[%emt 0:00:02]} Bxf6 {[%emt 0:00:00]} 7. e3 {[%emt 0:00:01]} O-O {[%emt 0:00:04]} 8. Rc1 {[%emt 0:00:02]} c6 {[%emt 0:00:09]} 9. h3 {[%emt 0:00:03]} Nd7 {[%emt 0:00:06]} 10. a3 {[%emt 0:00:02]} a6 {[%emt 0:01:07]} 11. cxd5 {[%emt 0:00:39]} exd5 {[%emt 0:00:09]} 12. Bd3 {[%emt 0:00:03]} Re8 {[%emt 0:00:18]} 13. O-O {[%emt 0:00:02]} Nf8 {[%emt 0:00:37]} 14. b4 {[%emt 0:00:21]} Qe7 {[%emt 0:00:24]} 15. Qb3 {[%emt 0:00:16]} Ne6 {[%emt 0:00:02]} 16. Rfe1 {[%emt 0:03:55]} Ng5 {[%emt 0:00:08]} 17. Qd1 {[%emt 0:00:05]} a5 {[%emt 0:00:43]} 18. Nxg5 {[%emt 0:00:19]} hxg5 {[%emt 0:00:03]} 19. bxa5 {[%emt 0:00:05]} Qxa3 {[%emt 0:00:19]} 20. Qh5 {[%emt 0:00:10]} Be6 {[%emt 0:01:51]} 21. Qh7+ {[%emt 0:00:36]} Kf8 {[%emt 0:00:02]} 22. e4 {[%emt 0:00:10]} dxe4 {[%emt 0:00:35]} 23. Nxe4 {[%emt 0:02:33]} Qxd3 {[%emt 0:01:21]} 24. Nxf6 {[%emt 0:00:16]} Qxh7 {[%emt 0:00:00]} 25. Nxh7+ {[%emt 0:00:03]} Ke7 {[%emt 0:00:53]} 26. d5 {[%emt 0:02:48]} cxd5 {[%emt 0:00:11]} 27. Rc7+ {[%emt 0:00:02]} Kd6 {[%emt 0:00:30]} 28. Rxb7 {[%emt 0:00:02]} g4 {[%emt 0:03:59]} 29. hxg4 {[%emt 0:00:50]} Rxa5 {[%emt 0:00:02]} 30. Ng5 {[%emt 0:00:11]} Ra6 {[%emt 0:00:30]} 31. f3 {[%emt 0:00:54]} Re7 {[%emt 0:00:33]} 32. Rb2 {[%emt 0:01:41]} Rea7 {[%emt 0:00:25]} 33. Kh2 {[%emt 0:00:10]} Ke7 {[%emt 0:00:23]} 34. Ree2 {[%emt 0:00:24]} Kf6 {[%emt 0:00:07]} 35. Nh3 {[%emt 0:00:02]} g5 {[%emt 0:00:07]} 36. Nf2 {[%emt 0:00:10]} Ra3 {[%emt 0:00:12]} 37. Nh1 {[%emt 0:00:14]} Rd7 {[%emt 0:00:42]} 38. Ng3 {[%emt 0:00:04]} Ra8 {[%emt 0:00:08]} 39. Rb6 {[%emt 0:00:04]} Rad8 {[%emt 0:00:07]} 40. Kg1 {[%emt 0:00:12]} Rd6 {[%emt 0:00:06]} 41. Rb5 {[%emt 0:00:08]} Kg6 {[%emt 0:00:01]} 42. Rd2 {[%emt 0:00:07]} R6d7 {[%emt 0:00:02]} 43. Rd4 {[%emt 0:00:05]} Rc8 {[%emt 0:00:05]} 44. Rb2 {[%emt 0:00:06]} Rc4 {[%emt 0:00:03]} 45. Rd3 {[%emt 0:00:03]} Rdc7 {[%emt 0:00:06]} 46. Ne2 {[%emt 0:00:11]} Rc2 {[%emt 0:00:05]} 47. Rxc2 {[%emt 0:00:02]} Rxc2 {[%emt 0:00:00]} 48. Nd4 {[%emt 0:00:03]} Rc4 {[%emt 0:00:03]} 49. Kf2 {[%emt 0:00:03]} Kf6 {[%emt 0:00:01]} 50. Ke3 {[%emt 0:00:03]} Ke5 {[%emt 0:00:07]} 51. g3 {[%emt 0:00:02]} Kf6 {[%emt 0:00:06]} 52. Ra3 {[%emt 0:00:04]} Rc8 {[%emt 0:00:11]} 53. Ra6 {[%emt 0:00:05]} Rc3+ {[%emt 0:00:02]} 54. Kd2 {[%emt 0:00:02]} Rc4 {[%emt 0:00:06]} 55. Ke3 {[%emt 0:00:02]} Rc3+ {[%emt 0:00:01]} 56. Kd2 {[%emt 0:00:03]} Rc4 {[%emt 0:00:01]} 57. Kd3 {[%emt 0:00:12]} Ke5 {[%emt 0:00:16]} 58. Ne2 {[%emt 0:00:03]} Rb4 {[%emt 0:00:21]} 59. f4+ {[%emt 0:00:07]} gxf4 {[%emt 0:00:00]} 60. gxf4+ {[%emt 0:00:02]} Rxf4 {[%emt 0:00:00]} 61. Nxf4 {[%emt 0:00:02]} Kxf4 {[%emt 0:00:00]} 62. Kd4 {[%emt 0:00:04]} Kxg4 {[%emt 0:00:03]} 63. Ke5 {[%emt 0:00:01]} Kg5 {[%emt 0:00:20]} 64. Ra1 {[%emt 0:00:03]} Bg4 {[%emt 0:00:08]} 65. Kxd5 {[%emt 0:00:06]} f6 {[%emt 0:00:19]} 66. Rf1 {[%emt 0:00:20]} Bh3 {[%emt 0:00:10]} 67. Rf2 {[%emt 0:00:02]} Bg4 {[%emt 0:00:02]} 68. Ke4 {[%emt 0:00:02]} Bh3 {[%emt 0:00:11]} 69. Rf4 {[%emt 0:00:05]} Bg2+ {[%emt 0:00:04]} 70. Ke3 {[%emt 0:00:02]} Bh3 {[%emt 0:00:01]} 71. Rb4 {[%emt 0:00:05]} Be6 {[%emt 0:00:12]} 72. Kf3 {[%emt 0:00:14]} Bd5+ {[%emt 0:00:04]} 73. Kg3 {[%emt 0:00:02]} Be6 {[%emt 0:00:00]} 74. Rb5+ {[%emt 0:00:04]} Bf5 {[%emt 0:00:01]} 75. Ra5 {[%emt 0:00:02]} Kg6 {[%emt 0:00:01]} 76. Kf4 {[%emt 0:00:02]} Bc2 {[%emt 0:00:01]} 77. Ra2 {[%emt 0:00:03]} Bd3 {[%emt 0:00:01]} 78. Rd2 {[%emt 0:00:03]} Bb1 {[%emt 0:00:02]} 79. Rg2+ {[%emt 0:00:03]} Kf7 {[%emt 0:00:02]} 80. Ke3 {[%emt 0:00:02]} Bf5 {[%emt 0:00:04]} 81. Kd4 {[%emt 0:00:02]} Bh7 {[%emt 0:00:07]} 82. Kd5 {[%emt 0:00:02]} Bf5 {[%emt 0:00:03]} 83. Kd6 {[%emt 0:00:02]} Be4 {[%emt 0:00:04]} 84. Rf2 {[%emt 0:00:02]} Bh7 {[%emt 0:00:04]} 85. Rf3 {[%emt 0:00:06]} Be4 {[%emt 0:00:02]} 86. Re3 {[%emt 0:00:02]} Bf5 {[%emt 0:00:02]} 87. Rc3 {[%emt 0:00:06]} Bg4 {[%emt 0:00:14]} 88. Rc4 {[%emt 0:00:05]} Bf5 {[%emt 0:00:03]} 89. Rb4 {[%emt 0:00:08]} Bh3 {[%emt 0:00:24]} 90. Ra4 {[%emt 0:00:38]} Bf5 {[%emt 0:00:04]} 91. Ra7+ {[%emt 0:00:03]} Kf8 {[%emt 0:00:03]} 92. Kd5 {[%emt 0:00:02]} Bg4 {[%emt 0:00:05]} 93. Ke4 {[%emt 0:00:05]} Be6 {[%emt 0:00:02]} 94. Kf4 {[%emt 0:00:04]} Kg8 {[%emt 0:00:25]} 95. Kg3 {[%emt 0:00:10]} Bf7 {[%emt 0:00:04]} 96. Kg4 {[%emt 0:00:05]} Bg6 {[%emt 0:00:02]} 97. Rc7 {[%emt 0:00:03]} Kf8 {[%emt 0:00:01]} 98. Kf4 {[%emt 0:00:03]} Kg8 {[%emt 0:00:03]} 99. Ra7 {[%emt 0:00:06]} Kf8 {[%emt 0:00:01]} 1/2-1/2

[Event "European Online Club-ch-F 2021"]
[Site "Online"]
[Date "2021.03.27"]
[Round "4.18"]
[White "Azarov, Sergei"]
[Black "Moiseenko, Alexander"]
[Result "1-0"]
[WhiteElo "2604"]
[BlackElo "2620"]
[Annotator "ChessBase"]
[PlyCount "85"]
[EventDate "2021.03.27"]
[EventType "team-tourn"]
[EventCountry "NET"]
[SourceTitle "playchess.com"]
[Source "ChessBase"]
[SourceQuality "1"]
[TimeControl "900+5"]

1. e4 {[%emt 0:00:00]} c5 {[%emt 0:00:04]} 2. Nf3 {[%emt 0:00:02]} Nc6 {[%emt 0:00:02]} 3. d4 {[%emt 0:00:02]} cxd4 {[%emt 0:00:01]} 4. Nxd4 {[%emt 0:00:02]} Nf6 {[%emt 0:00:01]} 5. Nc3 {[%emt 0:00:01]} e5 {[%emt 0:00:02]} 6. Ndb5 {[%emt 0:00:01]} d6 {[%emt 0:00:01]} 7. Nd5 {[%emt 0:00:01]} Nxd5 {[%emt 0:00:03]} 8. exd5 {[%emt 0:00:03]} Nb8 {[%emt 0:00:02]} 9. Qf3 {[%emt 0:00:05]} a6 {[%emt 0:02:33]} 10. Qa3 {[%emt 0:00:09]} Be7 {[%emt 0:00:10]} 11. Bg5 {[%emt 0:00:15]} f6 {[%emt 0:00:48]} 12. Be3 {[%emt 0:00:04]} O-O {[%emt 0:00:10]} 13. O-O-O {[%emt 0:00:04]} Bf5 {[%emt 0:00:45]} 14. Be2 {[%emt 0:02:59]} Nd7 {[%emt 0:01:41]} 15. Nc3 {[%emt 0:00:07]} Bg6 {[%emt 0:00:35]} 16. g4 {[%emt 0:00:24]} f5 {[%emt 0:00:09]} 17. gxf5 {[%emt 0:00:10]} Bxf5 {[%emt 0:00:03]} 18. Qb4 {[%emt 0:01:02]} b5 {[%emt 0:00:14]} 19. Bd3 {[%emt 0:00:08]} Bxd3 {[%emt 0:00:17]} 20. Rxd3 {[%emt 0:00:03]} Nc5 {[%emt 0:00:13]} 21. Bxc5 {[%emt 0:00:49]} dxc5 {[%emt 0:00:04]} 22. Qg4 {[%emt 0:00:02]} c4 {[%emt 0:02:14]} 23. Rg3 {[%emt 0:00:40]} Rf7 {[%emt 0:00:11]} 24. Rd1 {[%emt 0:00:09]} Bh4 {[%emt 0:00:39]} 25. Rg2 {[%emt 0:01:01]} b4 {[%emt 0:02:01]} 26. Ne4 {[%emt 0:00:17]} c3 {[%emt 0:00:01]} 27. Kb1 {[%emt 0:00:27]} Raa7 {[%emt 0:00:19]} 28. d6 {[%emt 0:00:52]} Kh8 {[%emt 0:00:53]} 29. Qe6 {[%emt 0:00:26]} h6 {[%emt 0:01:05]} 30. Qxe5 {[%emt 0:02:02]} cxb2 {[%emt 0:00:39]} 31. f4 {[%emt 0:00:07]} a5 {[%emt 0:00:15]} 32. Rg6 {[%emt 0:01:51]} Kh7 {[%emt 0:00:11]} 33. Rdg1 {[%emt 0:00:05]} a4 {[%emt 0:00:12]} 34. Qxb2 {[%emt 0:01:04]} b3 {[%emt 0:00:30]} 35. cxb3 {[%emt 0:00:10]} axb3 {[%emt 0:00:01]} 36. axb3 {[%emt 0:00:03]} Qa8 {[%emt 0:00:04]} 37. Qd4 {[%emt 0:00:37]} Ra1+ {[%emt 0:00:13]} 38. Kc2 {[%emt 0:01:07]} Ra2+ {[%emt 0:00:22]} 39. Kd3 {[%emt 0:00:09]} Qa6+ {[%emt 0:00:05]} 40. Qc4 {[%emt 0:00:04]} Qa7 {[%emt 0:00:05]} 41. Nc5 {[%emt 0:00:21]} Bf6 {[%emt 0:00:11]} 42. Qe4 {[%emt 0:00:06]} Kg8 {[%emt 0:00:07]} 43. Rxh6 {[%emt 0:00:09]} 1-0